[Event "LSS No Engine Cup 202 Preliminary 0"]
[Site "LSS email"]
[Date "2020.04.04"]
[Round "?"]
[White "Kolanek, Sylwia"]
[Black "De Soete, Jan"]
[Result "1-0"]
[WhiteElo "1924"]
[BlackElo "1600"]
[PlyCount "55"]
[EventDate "2020.04.04"]
[EventType "tourn (corr)"]
[EventRounds "6"]
[EventCountry "GER"]
[SourceTitle "Corr 2022"]
[Source "ChessBase"]
[SourceDate "2021.10.24"]
[SourceVersion "1"]
[SourceVersionDate "2021.10.24"]
[SourceQuality "1"]

1. d4 Nf6 2. c4 e6 3. Nc3 Bb4 4. e3 c5 5. Nge2 Nc6 6. a3 Bxc3+ 7. Nxc3 cxd4 8. exd4 0-0 9. d5 Ne5 10. h3 b6 11. Qd4 exd5 12. cxd5 Re8 13. Be3 d6 14. Be2 a5 15. 0-0 Ng6 16. Bb5 Bd7 17. Bg5 h6 18. Bxf6 Qxf6 19. Qxf6 gxf6 20. Bxd7 Red8 21. Bc6 Ra7 22. Rae1 Ne5 23. f4 Nc4 24. Nb5 Nxb2 25. Nxa7 Nc4 26. Rf3 Kh7 27. Bb5 Nxa3 28. Rxa3 1-0

[Event "LSS No Engine Cup 196 Preliminary 0"]
[Site "LSS email"]
[Date "2019.12.19"]
[Round "?"]
[White "De Soete, Jan"]
[Black "Campbell, Iain"]
[Result "0-1"]
[WhiteElo "1600"]
[BlackElo "1830"]
[PlyCount "46"]
[EventDate "2019.12.20"]
[EventType "tourn (corr)"]
[EventRounds "6"]
[EventCountry "GER"]
[SourceTitle "Corr 2022"]
[Source "ChessBase"]
[SourceDate "2021.10.24"]
[SourceVersion "1"]
[SourceVersionDate "2021.10.24"]
[SourceQuality "1"]

1. e4 e6 2. Nf3 d5 3. exd5 exd5 4. Nc3 Nf6 5. d4 Bd6 6. Bd3 0-0 7. 0-0 Bg4 8. Be2 c6 9. Bg5 Nbd7 10. h3 Bh5 11. Re1 Qc7 12. g4 Bg6 13. Bf1 Ne4 14. Nxe4 Bxe4 15. Be2 h6 16. Be3 Rfe8 17. Kg2 f5 18. gxf5 Bxf5 19. c4 Nf6 20. c5 Bf4 21. Qd2 Bxe3 22. fxe3 Ne4 23. Qd1 Qg3+ 0-1

[Event "LSS No Engine Cup 196 Preliminary 0"]
[Site "LSS email"]
[Date "2019.12.19"]
[Round "?"]
[White "Khramkov, Alexey"]
[Black "De Soete, Jan"]
[Result "1-0"]
[WhiteElo "1600"]
[BlackElo "1600"]
[PlyCount "43"]
[EventDate "2019.12.20"]
[EventType "tourn (corr)"]
[EventRounds "6"]
[EventCountry "GER"]
[SourceTitle "Corr 2022"]
[Source "ChessBase"]
[SourceDate "2021.10.24"]
[SourceVersion "1"]
[SourceVersionDate "2021.10.24"]
[SourceQuality "1"]

1. e4 c5 2. Nf3 Nc6 3. d4 cxd4 4. Nxd4 Nf6 5. Nc3 e5 6. Ndb5 a6 7. Nd6+ Bxd6 8. Qxd6 b5 9. Nd5 Nxe4 10. Nc7+ Qxc7 11. Qxc7 0-0 12. Bd3 Nc5 13. Qd6 Ne6 14. 0-0 Ncd4 15. Qxe5 Bb7 16. Qh5 g6 17. Qe5 Rae8 18. Bh6 Nc6 19. Qf6 Nb4 20. Rae1 Nd5 21. Qe5 Nec7 22. Qg7# 1-0

[Event "SN-2019-0-01007"]
[Site "LSS email"]
[Date "2019.12.15"]
[Round "?"]
[White "De Soete, Jan"]
[Black "Czaban, Tomasz"]
[Result "0-1"]
[WhiteElo "899"]
[BlackElo "436"]
[PlyCount "80"]
[EventDate "2019.12.03"]
[EventType "tourn (corr)"]
[EventRounds "6"]
[EventCountry "GER"]
[SourceTitle "Corr 2022"]
[Source "ChessBase"]
[SourceDate "2021.10.24"]
[SourceVersion "1"]
[SourceVersionDate "2021.10.24"]
[SourceQuality "1"]

1. e4 e5 2. Nf3 Nc6 3. Bc4 a6 4. d3 Bc5 5. Ng5 Bxf2+ 6. Kxf2 Qf6+ 7. Qf3 Qxf3+ 8. Nxf3 h6 9. Nc3 Nf6 10. Rf1 0-0 11. a3 d6 12. Kg1 Bg4 13. Nh4 Ne7 14. h3 Bd7 15. Bxh6 Kh7 16. Bg5 Rae8 17. Bxf6 gxf6 18. Nd5 Nxd5 19. Bxd5 c6 20. Ba2 Be6 21. b3 Rg8 22. Rxf6 Bxh3 23. Rxd6 Rg4 24. Kh2 Rxh4 25. gxh3 Rg8 26. Rg1 Rb8 27. b4 Rf4 28. Rd7 Rf2+ 29. Kh1 Rxc2 30. Bxf7 Rf8 31. Bg8+ Kh6 32. Rd6+ Kh5 33. Bh7 Rff2 34. Bg6+ Kh4 35. Rd1 Rh2+ 36. Kg1 Rhg2+ 37. Kf1 Rgf2+ 38. Kg1 Rg2+ 39. Kf1 Rcf2+ 40. Ke1 Kg3 0-1

[Event "SN-2019-0-01007"]
[Site "LSS email"]
[Date "2019.12.15"]
[Round "?"]
[White "Ducharme, Steven"]
[Black "De Soete, Jan"]
[Result "0-1"]
[WhiteElo "681"]
[BlackElo "899"]
[PlyCount "79"]
[EventDate "2019.12.03"]
[EventType "tourn (corr)"]
[EventRounds "6"]
[EventCountry "GER"]
[SourceTitle "Corr 2022"]
[Source "ChessBase"]
[SourceDate "2021.10.24"]
[SourceVersion "1"]
[SourceVersionDate "2021.10.24"]
[SourceQuality "1"]

1. d4 Nf6 2. c4 e6 3. g3 c5 4. Bg2 Nc6 5. d5 exd5 6. Bxd5 Nb4 7. Nc3 Rb8 8. Nf3 d6 9. 0-0 Bf5 10. e4 Bh3 11. Re1 Be7 12. a3 Nbxd5 13. exd5 0-0 14. Ne4 Nxe4 15. Rxe4 Bf5 16. Re1 Bg4 17. Qd3 h5 18. h4 Qd7 19. Kh2 Bf6 20. Ng1 a6 21. f3 Bf5 22. Qd2 Rbe8 23. Ra2 Qa4 24. Re3 Qxc4 25. b3 Qb5 26. Kg2 g6 27. a4 Qd7 28. Bb2 Bxb2 29. Rxb2 b5 30. Qe2 bxa4 31. bxa4 Qxa4 32. Rxe8 Rxe8 33. Qd2 c4 34. Ne2 Qa1 35. Nf4 Re1 36. Ra2 Rg1+ 37. Kf2 Qf1+ 38. Ke3 Rxg3 39. Qf2 Qc1+ 40. Kd4 0-1

[Event "OP-2019-0-04885"]
[Site "LSS email"]
[Date "2019.12.04"]
[Round "?"]
[White "Nowak, Andrzej"]
[Black "De Soete, Jan"]
[Result "1-0"]
[WhiteElo "1381"]
[BlackElo "903"]
[PlyCount "71"]
[EventDate "2019.11.26"]
[EventType "tourn (corr)"]
[EventRounds "4"]
[EventCountry "GER"]
[SourceTitle "Corr 2022"]
[Source "ChessBase"]
[SourceDate "2021.10.24"]
[SourceVersion "1"]
[SourceVersionDate "2021.10.24"]
[SourceQuality "1"]

1. e4 c5 2. Nf3 Nc6 3. Bb5 Nf6 4. Nc3 a6 5. Bxc6 bxc6 6. d3 d5 7. e5 Nd7 8. e6 fxe6 9. Qe2 Nf6 10. 0-0 g6 11. Na4 Qd6 12. Nb6 Rb8 13. Nxc8 Rxc8 14. Ng5 e5 15. f4 e4 16. dxe4 dxe4 17. Rd1 Qc7 18. Qxa6 Bh6 19. Ne6 Qb8 20. a4 Kf7 21. Qc4 Ke8 22. Qxc5 Kf7 23. Qc4 Ke8 24. Ra3 Qa7+ 25. Kh1 Ng4 26. Rd4 Qa5 27. Bd2 Qh5 28. h3 e3 29. Bxe3 Qh4 30. Bg1 Qe1 31. hxg4 Bf8 32. Ng5 Qh4+ 33. Rh3 Qxg5 34. fxg5 Bg7 35. Qe6 Rc7 36. Rb3 1-0

[Event "RN-2019-0-01575"]
[Site "LSS email"]
[Date "2019.11.05"]
[Round "?"]
[White "Plastinin, Alexandr"]
[Black "De Soete, Jan"]
[Result "0-1"]
[WhiteElo "1028"]
[BlackElo "919"]
[PlyCount "86"]
[EventDate "2019.10.17"]
[EventType "tourn (corr)"]
[EventRounds "6"]
[EventCountry "GER"]
[SourceTitle "Corr 2022"]
[Source "ChessBase"]
[SourceDate "2021.10.24"]
[SourceVersion "1"]
[SourceVersionDate "2021.10.24"]
[SourceQuality "1"]

1. e4 c5 2. Nf3 Nc6 3. d4 cxd4 4. Nxd4 Nf6 5. Nc3 e5 6. Nb3 Bb4 7. Bd3 0-0 8. 0-0 b6 9. Bg5 h6 10. Bd2 d6 11. a3 Bxc3 12. Bxc3 Bb7 13. f4 Re8 14. fxe5 dxe5 15. Nd2 a5 16. Qe2 Qc8 17. Nc4 Qd8 18. Qe3 b5 19. Nb6 Ng4 20. Qc5 Rb8 21. Bxb5 Re6 22. Rad1 Qf8 23. Qxf8+ Rxf8 24. Nd7 Rc8 25. Nc5 Re7 26. Nxb7 Rxb7 27. Bxc6 Rxc6 28. Rf3 Rc5 29. h3 Nf6 30. Re3 a4 31. Kf2 Kh7 32. Kf3 Kg6 33. g4 Rbb5 34. h4 Rc6 35. Red3 Rc4 36. Re1 Kh7 37. g5 Nh5 38. Rd5 Rxd5 39. exd5 f6 40. Re4 Rc5 41. d6 Nf4 42. Kg4 Kg6 43. gxh6 f5+ 0-1

[Event "RN-2019-0-01571"]
[Site "LSS email"]
[Date "2019.10.17"]
[Round "?"]
[White "Czaban, Tomasz"]
[Black "De Soete, Jan"]
[Result "0-1"]
[WhiteElo "439"]
[BlackElo "800"]
[PlyCount "74"]
[EventDate "2019.10.01"]
[EventType "tourn (corr)"]
[EventRounds "6"]
[EventCountry "GER"]
[SourceTitle "Corr 2022"]
[Source "ChessBase"]
[SourceDate "2021.10.24"]
[SourceVersion "1"]
[SourceVersionDate "2021.10.24"]
[SourceQuality "1"]

1. e4 c5 2. Nf3 Nc6 3. Bb5 a6 4. Bxc6 bxc6 5. Nc3 d5 6. exd5 cxd5 7. d4 c4 8. Bf4 e6 9. 0-0 Bd6 10. Bxd6 Qxd6 11. Ne5 f6 12. Nf3 g5 13. h3 Nh6 14. Nh2 Rg8 15. Ng4 Nxg4 16. Qxg4 Kd8 17. Rfe1 f5 18. Qh5 Qe7 19. Na4 Rb8 20. Nc5 Rxb2 21. Qh6 Rg6 22. Nxe6+ Bxe6 23. Rxe6 Rxh6 24. Rxe7 Kxe7 25. Re1+ Re6 26. Rxe6+ Kxe6 27. c3 Rxa2 28. Kh2 Rxf2 29. Kg3 Rc2 30. h4 Rxc3+ 31. Kf2 gxh4 32. g3 hxg3+ 33. Kg2 h5 34. Kh3 f4 35. Kh4 g2 36. Kxh5 g1Q 37. Kh6 Rh3# 0-1

[Event "ZN-2019-0-04056"]
[Site "LSS email"]
[Date "2019.10.06"]
[Round "?"]
[White "Simonov, Nikolaj"]
[Black "De Soete, Jan"]
[Result "1-0"]
[WhiteElo "800"]
[BlackElo "800"]
[PlyCount "63"]
[EventDate "2019.09.15"]
[EventType "match (corr)"]
[EventRounds "2"]
[EventCountry "GER"]
[SourceTitle "Corr 2022"]
[Source "ChessBase"]
[SourceDate "2021.10.24"]
[SourceVersion "1"]
[SourceVersionDate "2021.10.24"]
[SourceQuality "1"]

1. d4 Nf6 2. Nf3 e6 3. c4 b6 4. g3 Bb7 5. Bg2 Be7 6. 0-0 h6 7. d5 0-0 8. Nh4 Na6 9. d6 Bxg2 10. dxe7 Qxe7 11. Nxg2 Rad8 12. Nd2 Nc5 13. b4 Nce4 14. Nxe4 Nxe4 15. Qd3 Nf6 16. Bb2 d5 17. b5 Ng4 18. Ba3 Qe8 19. Bxf8 Qxf8 20. cxd5 Rxd5 21. Qc4 Nf6 22. Qxc7 Qa8 23. Rfd1 Qf8 24. a4 Rxd1+ 25. Rxd1 Nd5 26. Qxa7 Qa3 27. Nf4 Nc3 28. Rd8+ Kh7 29. Qxf7 Nxe2+ 30. Nxe2 Qxa4 31. Nf4 h5 32. Qg6# 1-0

[Event "SN-2019-0-00988"]
[Site "LSS email"]
[Date "2019.08.22"]
[Round "?"]
[White "De Soete, Jan"]
[Black "Maly, Marian"]
[Result "1-0"]
[WhiteElo "800"]
[BlackElo "1061"]
[PlyCount "73"]
[EventDate "2019.07.16"]
[EventType "tourn (corr)"]
[EventRounds "6"]
[EventCountry "GER"]
[SourceTitle "Corr 2022"]
[Source "ChessBase"]
[SourceDate "2021.10.24"]
[SourceVersion "1"]
[SourceVersionDate "2021.10.24"]
[SourceQuality "1"]

1. e4 c5 2. Bc4 e6 3. Nc3 Nc6 4. Nf3 h6 5. a3 Nf6 6. h3 d5 7. exd5 exd5 8. Be2 Be7 9. 0-0 Nh5 10. d3 g5 11. Nh2 Qd6 12. Bxh5 Be6 13. Re1 0-0-0 14. Nb5 Qb8 15. Bg4 a6 16. Nc3 Bd6 17. Rxe6 Bxh2+ 18. Kh1 Kd7 19. Rxh6+ Kc7 20. Rxh8 Rxh8 21. Kxh2 Kb6+ 22. Kg1 Ne5 23. Nxd5+ Ka7 24. Be3 b6 25. Be2 f5 26. Bxg5 Qg8 27. h4 Qxd5 28. Bf6 Rg8 29. g3 Ng6 30. c4 Qd6 31. Bg5 Nf4 32. Qd2 Nh3+ 33. Kg2 Nxg5 34. hxg5 Rh8 35. Rh1 Rf8 36. Rh6 Qb8 37. Rh7+ 1-0

[Event "SN-2019-0-00988"]
[Site "LSS email"]
[Date "2019.08.22"]
[Round "?"]
[White "Molina, Vicente Andres"]
[Black "De Soete, Jan"]
[Result "0-1"]
[WhiteElo "492"]
[BlackElo "800"]
[PlyCount "60"]
[EventDate "2019.07.16"]
[EventType "tourn (corr)"]
[EventRounds "6"]
[EventCountry "GER"]
[SourceTitle "Corr 2022"]
[Source "ChessBase"]
[SourceDate "2021.10.24"]
[SourceVersion "1"]
[SourceVersionDate "2021.10.24"]
[SourceQuality "1"]

1. e4 c5 2. Nf3 Nc6 3. d4 cxd4 4. c3 e5 5. cxd4 exd4 6. Nxd4 Nf6 7. Nc3 Bb4 8. Nxc6 bxc6 9. Bd3 0-0 10. 0-0 h6 11. Be3 Re8 12. Qc2 Bb7 13. Rfd1 Ng4 14. Qe2 Qh4 15. h3 Ne5 16. Bc2 c5 17. Nd5 Ba5 18. Bxc5 Bxd5 19. Rxd5 Bc7 20. Be3 Re6 21. Rc1 Rg6 22. Bb3 Qxh3 23. g3 Ng4 24. f4 Nxe3 25. Rxd7 Bxf4 26. Bxf7+ Kh7 27. Bxg6+ Kxg6 28. Rc6+ Kh7 29. Qf3 Bg5 30. Rc3 Rf8 0-1

[Event "SN-2019-0-00988"]
[Site "LSS email"]
[Date "2019.08.22"]
[Round "?"]
[White "Neuhausen, Rainer"]
[Black "De Soete, Jan"]
[Result "1-0"]
[WhiteElo "995"]
[BlackElo "800"]
[PlyCount "73"]
[EventDate "2019.07.16"]
[EventType "tourn (corr)"]
[EventRounds "6"]
[EventCountry "GER"]
[SourceTitle "Corr 2022"]
[Source "ChessBase"]
[SourceDate "2021.10.24"]
[SourceVersion "1"]
[SourceVersionDate "2021.10.24"]
[SourceQuality "1"]

1. e4 c5 2. Nf3 Nc6 3. d4 cxd4 4. Nxd4 Nf6 5. Nc3 e5 6. Nb3 Bb4 7. Bd3 d6 8. 0-0 0-0 9. Bd2 Bg4 10. f3 Be6 11. Nc1 h6 12. N1e2 Qd7 13. a3 Bc5+ 14. Kh1 Bb6 15. Na4 Bc7 16. Nac3 a6 17. Ng3 Nd4 18. Be3 b5 19. Bxd4 exd4 20. Nce2 Bb6 21. Nf4 Bc4 22. Nge2 Rac8 23. Bxc4 bxc4 24. Nxd4 g5 25. Nd5 Nxd5 26. exd5 Qb7 27. Nc6 Bc5 28. Re1 Rc7 29. f4 Qxb2 30. fxg5 hxg5 31. Qh5 Qg7 32. Rab1 Bxa3 33. Ne7+ Rxe7 34. Rxe7 Qd4 35. Qxg5+ Qg7 36. Qxg7+ Kxg7 37. Ra7 1-0

[Event "SN-2019-0-00988"]
[Site "LSS email"]
[Date "2019.08.22"]
[Round "?"]
[White "Newton, Daryl"]
[Black "De Soete, Jan"]
[Result "0-1"]
[WhiteElo "299"]
[BlackElo "800"]
[PlyCount "80"]
[EventDate "2019.07.16"]
[EventType "tourn (corr)"]
[EventRounds "6"]
[EventCountry "GER"]
[SourceTitle "Corr 2022"]
[Source "ChessBase"]
[SourceDate "2021.10.24"]
[SourceVersion "1"]
[SourceVersionDate "2021.10.24"]
[SourceQuality "1"]

1. d4 Nf6 2. Bf4 e6 3. Nf3 Nc6 4. e3 h6 5. h4 Be7 6. Nc3 Bb4 7. Qd3 Ne7 8. Be2 b6 9. Kf1 a5 10. Ne4 Nfd5 11. Be5 Rg8 12. a3 Bd6 13. Nxd6+ cxd6 14. Bxd6 Ba6 15. Qd2 Bxe2+ 16. Qxe2 Nc8 17. Be5 f6 18. Bf4 Nce7 19. Rh3 Nf5 20. e4 Nxf4 21. Qc4 Nxh3 22. exf5 Nf4 23. Rd1 Rc8 24. Qb3 Qc7 25. c3 Qc4+ 26. Qxc4 Rxc4 27. Rc1 Nd3 28. Rd1 Nxb2 29. Re1 Kf7 30. fxe6+ dxe6 31. Re3 Nd1 32. Rd3 Nb2 33. Rd2 Na4 34. d5 Rxc3 35. dxe6+ Kxe6 36. Nd4+ Kf7 37. Nb5 Rb3 38. Rd7+ Kg6 39. Nc7 Nc3 40. Rd6 Rb1+ 0-1

[Event "OP-2019-0-04824"]
[Site "LSS email"]
[Date "2019.08.13"]
[Round "?"]
[White "De Boe, Camille"]
[Black "De Soete, Jan"]
[Result "1-0"]
[WhiteElo "1860"]
[BlackElo "800"]
[PlyCount "35"]
[EventDate "2019.08.07"]
[EventType "tourn (corr)"]
[EventRounds "4"]
[EventCountry "GER"]
[SourceTitle "Corr 2022"]
[Source "ChessBase"]
[SourceDate "2021.10.24"]
[SourceVersion "1"]
[SourceVersionDate "2021.10.24"]
[SourceQuality "1"]

1. e4 c5 2. Nf3 Nc6 3. Bb5 Nf6 4. Nc3 a6 5. Bxc6 bxc6 6. 0-0 e6 7. e5 Nd5 8. Ne4 Be7 9. c4 Nb6 10. b3 d5 11. exd6 Bxd6 12. d4 f5 13. Nxd6+ Qxd6 14. dxc5 Qxc5 15. Be3 Qa5 16. Qd6 Bd7 17. Rfd1 Rf8 18. Bxb6 1-0

[Event "OP-2019-0-04824"]
[Site "LSS email"]
[Date "2019.08.13"]
[Round "?"]
[White "Kuttner, Jaromir"]
[Black "De Soete, Jan"]
[Result "1-0"]
[WhiteElo "895"]
[BlackElo "800"]
[PlyCount "70"]
[EventDate "2019.08.07"]
[EventType "tourn (corr)"]
[EventRounds "4"]
[EventCountry "GER"]
[SourceTitle "Corr 2022"]
[Source "ChessBase"]
[SourceDate "2021.10.24"]
[SourceVersion "1"]
[SourceVersionDate "2021.10.24"]
[SourceQuality "1"]

1. e4 c5 2. Nf3 Nc6 3. d4 cxd4 4. Bc4 e6 5. Nxd4 Nf6 6. Nc3 Bb4 7. f3 Qb6 8. Be3 Ne5 9. Be2 Qd8 10. Qd2 Qc7 11. Ndb5 Qc6 12. a3 Bxc3 13. Nxc3 0-0 14. Bb5 Qc7 15. 0-0 a6 16. Be2 b5 17. Rad1 Bb7 18. f4 Neg4 19. Bxg4 Nxg4 20. Bd4 Rfd8 21. h3 Nh6 22. Rf3 f5 23. Rg3 g6 24. Bf6 Re8 25. Qxd7 Qxd7 26. Rxd7 Bxe4 27. Rg7+ Kf8 28. Rxh7 Ng8 29. Bg7+ Ke7 30. Nxe4 fxe4 31. Rxg6 Kd8 32. Bd4 Kc8 33. Rgg7 Re7 34. Rxg8+ Kd7 35. Rxe7+ Kxe7 1-0